| 000 | 00565cam a2200193 i 4500 | ||
|---|---|---|---|
| 020 | _a2870272782 : | ||
| 040 | _cDLC | ||
| 082 | 0 | 0 |
_a959 YAT 1989 C096 Or. _aB |
| 100 | 0 | _aPin Yathay. | |
| 245 | 1 | 2 |
_aL'utopie meurtrière : _bun rescapé du génocide cambodgien témoigne / |
| 260 |
_aParis : _bR. Laffont, _cc1989. |
||
| 300 |
_a413 p., [4] leaves of plates : _bill. ; _c24 cm. |
||
| 490 | 0 | _aCollection Vécu | |
| 650 | 0 | _aPolitical atrocities | |
| 650 | 0 | _aPolitical refugees | |
| 650 | 0 | _aPolitical refugees | |
| 700 | 1 | _aMaillard, Lucien, | |
| 942 | _cAEDBB | ||
| 999 |
_c22342 _d22342 |
||